Guess the 1970s song lyrcs #174 - Statistics

General Stats
  • This quiz has been taken 12 times
  • The average score is 150 of 198
Answer Stats
Answer % Correct
And
100%
me
100%
the
100%
to
100%
To
100%
we
100%
You
100%
you
100%
At
92%
at
92%
be
92%
I
92%
love
92%
of
92%
so
92%
So
92%
When
92%
when
92%
All
83%
don't
83%
end
83%
for
83%
on
83%
They
83%
But
75%
could
75%
day
75%
how
75%
How
75%
It
75%
over
75%
sing
75%
about
67%
anymore
67%
bring
67%
flowers
67%
it's
67%
just
67%
Now
67%
remember
67%
songs
67%
talk
67%
Used
67%
used
67%
Well
67%
after
58%
away
58%
couldn't
58%
hate
58%
learn
58%
learned
58%
leave
58%
out
58%
tell
58%
them
58%
you'd
58%
come
50%
cry
50%
door
50%
forever
50%
good
50%
hardly
50%
laugh
50%
light
50%
lovin
50%
natural
50%
night
50%
taught
50%
things
50%
think
50%
turn
50%
wait
50%
bes
42%
count
42%
feeling
42%
floor
42%
goodbye
42%
lay
42%
roll
42%
sweep
42%
through
42%
Til
42%
you're
42%
alright
33%
babe
33%
baby
33%
lie
33%
late
25%
Iearned
0%
No matching quizzes found
Score Distribution
Percent of People with Each Score
Percentile by Number Answered
Your Score History
You have not taken this quiz